| 000 | 00714nam a22002177a 4500 | ||
|---|---|---|---|
| 005 | 20230405015212.0 | ||
| 008 | 221110b |||||||| |||| 00| 0 eng d | ||
| 020 | _a0-446-61279-0 | ||
| 082 | _aFic. P296 2002 | ||
| 100 |
_aPatterson, James _eauthor |
||
| 245 |
_a2nd chance / _cJames Patterson; with Andrew Gross |
||
| 260 |
_aNew York: _bWarner Books, _cc2002. |
||
| 300 | _a417p. | ||
| 490 | _aWomen's murder club series; book 2 | ||
| 541 | _e5533 | ||
| 650 | _aWomen detective - California - San Francisco - Fiction | ||
| 650 | _aFemale friendship - Fiction | ||
| 650 | _aMystery stories | ||
| 650 | _aSerial murder investigation- California - San Francisco - Fiction | ||
| 700 |
_aGross, Andrew _eauthor |
||
| 999 |
_c161 _d161 |
||